000 00244nmm a2200085Ia 4500
008 220120s9999||||xx |||||||||||||||||und||
100 _aDigit
245 0 _aMake music using; 16 music creation software , learn FL stu
260 _aNine dot Nine
_c2014
999 _c139882
_d139882